| 000 | 00000nas 2200000za 4500 |
| 001 | 9.809483 |
| 003 | CaOODSP |
| 005 | 20250403105701 |
| 007 | cr ||||||||||| |
| 008 | 160120d19781986oncar p oss f000#b0fre|d |
| 022 | |y0823-4248 |
| 040 | |aCaOODSP|bfre |
| 041 | |aeng|afre |
| 043 | |an-cn--- |
| 086 | 1 |aCS61-210-PDF |
| 245 | 00|aAnnual report of the Minister of Supply and Services Canada under the Corporations and Labour Unions Returns Act. |nPart I, |pCorporations |h[ressource électronique] / |cStatistics Canada, Business Finance Division, Corporations Section = Rapport annuel du ministre des Approvisionnements et services Canada présenté sous l'empire de la Loi sur les déclarations des corporations et des syndicats ouvriers. Partie 1, Corporations / Statistique Canada, Division des finances des entreprises, Section des corporations. |
| 246 | 11|aRapport annuel du ministre des Approvisionnements et services Canada présenté sous l'empire de la Loi sur les déclarations des corporations et des syndicats ouvriers. |nPartie I, |pCorporations |
| 246 | 14|aLoi sur les déclarations des corporations et des syndicats ouvriers|f1978-1985 |
| 246 | 14|aCorporations and Labour Unions Returns Act|f1978-1985 |
| 246 | 14|aCALURA, corporations|f1986 |
| 260 | |aOttawa : |bStatistique Canada, |c1980-1988. |
| 310 | |aAnnuel |
| 362 | 0 |a1978-1986. |
| 500 | |aÉdition numérisée de l’imprimé [par Statistique Canada]. |
| 546 | |aTexte en anglais et en français. |
| 692 | 07|2gccst|aSociétés |
| 692 | 07|2gccst|aFinances |
| 710 | 2 |aStatistique Canada.|bSection des corporations. |
| 710 | 1 |aCanada. |bApprovisionnements et services Canada. |
| 710 | 2 |aStatistique Canada. |
| 780 | 00|tAnnual report of the president of the Treasury Board under the Corporations and Labour Unions Returns Act. |w(CaOODSP)9.809475 |
| 785 | 00|tAnnual report of the Minister of Industry, Science and Technology under the Corporations and Labour Unions Returns Act. |w(CaOODSP)9.809487 |
| 791 | |tAnnual report of the Minister of Supply and Services Canada under the Corporations and Labour Unions Returns Act. |eeng|w(CaOODSP)9.809477 |